Statistics for Anime Main Characters

Click here to take the quiz!

General Stats

  • This quiz has been taken 12,761 times
  • The average score is 5 of 15

Answer Stats

HintAnswer% Correct
Naruto ShippudenNaruto
97%
Dragon Ball ZGoku
90%
Death NoteLight Yogami
86%
Tokyo Mew MewIchigo
83%
BleachIchigo Kurosaki
83%
InuyashaInuyasha
56%
Fruits BasketTohro Honda
18%
Vampire KnightYuuki Cross
16%
ClaymoreClare
6%
Air GearIkki
5%
School RumbleTenma Tsukamoto
3%
Acchi KocchiTsumiki
2%
Ultra ManiacAyu Tateishi
1%
Black Blood BrothersJiiro
1%
WitchbladeMasane
1%

Score Distribution

Percentile by Number Answered

Percent of People with Each Score

Your Score History

You have not taken this quiz